00481nam a2200145Ia 4500008004100000082002100041245006300062260001500125490000900140650002700149650001900176942000700195999001700202952011600219220204s9999 xx 000 0 und d a631.3(5-13)bIMP 0aImproved equipment for the farm people of the SAARC region aBangladesh a1996 aAgricultural machinery aFarm equipment cBK c43927d43927 00104070aMAINbMAINd2021-12-16eGiftg5.00l0o631.3(5-13) IMPpG00676r2021-12-16 00:00:00w2022-02-14yBK